<?xml version="1.0" encoding="UTF-8"?>
<record
    xmlns:xsi="http://www.w3.org/2001/XMLSchema-instance"
    xsi:schemaLocation="http://www.loc.gov/MARC21/slim http://www.loc.gov/standards/marcxml/schema/MARC21slim.xsd"
    xmlns="http://www.loc.gov/MARC21/slim">

  <leader>00917cam a22002651  4500</leader>
  <controlfield tag="001">gs 54000256 </controlfield>
  <controlfield tag="003">DLC</controlfield>
  <controlfield tag="005">20260227111402.0</controlfield>
  <controlfield tag="008">770317s1954    dcuab    b   f00010 eng c</controlfield>
  <datafield tag="010" ind1=" " ind2=" ">
    <subfield code="a">gs 54000256 //r85</subfield>
  </datafield>
  <datafield tag="040" ind1=" " ind2=" ">
    <subfield code="a">U.S. Geol. Survey. Libr.</subfield>
    <subfield code="c">ak</subfield>
  </datafield>
  <datafield tag="043" ind1=" " ind2=" ">
    <subfield code="a">n-us-ak</subfield>
  </datafield>
  <datafield tag="050" ind1="0" ind2=" ">
    <subfield code="a">QE75</subfield>
    <subfield code="b">.C5 no. 310</subfield>
  </datafield>
  <datafield tag="051" ind1=" " ind2=" ">
    <subfield code="a">TN805.A7</subfield>
    <subfield code="b">W25</subfield>
    <subfield code="c">Copy 2.</subfield>
  </datafield>
  <datafield tag="082" ind1=" " ind2=" ">
    <subfield code="a">553.24</subfield>
  </datafield>
  <datafield tag="100" ind1="1" ind2="0">
    <subfield code="a">Wahrhaftig, Clyde,</subfield>
    <subfield code="d">1919-</subfield>
  </datafield>
  <datafield tag="245" ind1="1" ind2="0">
    <subfield code="a">Stripping coal deposits on lower Lignite Creek, Nenana coal field, Alaska,</subfield>
    <subfield code="c">by Clyde Wahrhaftig and Joseph H. Birman.</subfield>
  </datafield>
  <datafield tag="260" ind1="0" ind2=" ">
    <subfield code="a">Washington,</subfield>
    <subfield code="c">1954.</subfield>
  </datafield>
  <datafield tag="300" ind1=" " ind2=" ">
    <subfield code="a">iv, 11 p.</subfield>
    <subfield code="b">illus., maps (5 fold., 1 col. in pocket) tables.</subfield>
    <subfield code="c">27 cm.</subfield>
  </datafield>
  <datafield tag="490" ind1="1" ind2=" ">
    <subfield code="a">Geological Survey circular 310</subfield>
  </datafield>
  <datafield tag="504" ind1=" " ind2=" ">
    <subfield code="a">Bibliography: p. 11.</subfield>
  </datafield>
  <datafield tag="650" ind1=" " ind2="0">
    <subfield code="a">Coal</subfield>
    <subfield code="z">Alaska</subfield>
    <subfield code="z">Nenana coal field.</subfield>
  </datafield>
  <datafield tag="700" ind1="1" ind2="0">
    <subfield code="a">Birman, Joseph Harold,</subfield>
    <subfield code="d">1924-</subfield>
    <subfield code="e">joint author.</subfield>
  </datafield>
  <datafield tag="830" ind1=" " ind2="0">
    <subfield code="a">Geological Survey circular ;</subfield>
    <subfield code="v">310.</subfield>
  </datafield>
  <datafield tag="999" ind1=" " ind2=" ">
    <subfield code="c">28890</subfield>
    <subfield code="d">28890</subfield>
  </datafield>
</record>
